Mother Teresa:Saint or celebrity (Record no. 24836)
[ view plain ]
| 000 -LEADER | |
|---|---|
| fixed length control field | 00304nam a2200145Ia 4500 |
| 082 ## - DEWEY DECIMAL CLASSIFICATION NUMBER | |
| Classification number | 808.3 |
| Item number | ALP |
| 100 ## - MAIN ENTRY--PERSONAL NAME | |
| Personal name | Alpion/Gezim |
| 245 ## - TITLE STATEMENT | |
| Title | Mother Teresa:Saint or celebrity |
| 260 ## - PUBLICATION, DISTRIBUTION, ETC. | |
| Name of publisher, distributor, etc. | Routledge |
| Date of publication, distribution, etc. | 2007 |
| 366 ## - TRADE AVAILABILITY INFORMATION | |
| Publishers's discount category | 25 |
| 300 ## - PHYSICAL DESCRIPTION | |
| Extent | 284 |
| 546 ## - LANGUAGE NOTE | |
| Language note | ENGLISH |
| -- | Computers |
| 942 ## - ADDED ENTRY ELEMENTS (KOHA) | |
| Koha item type | BOOK |
| Withdrawn status | Lost status | Damaged status | Not for loan | Collection | Home library | Current library | Date acquired | Source of acquisition | Cost, normal purchase price | Inventory number | Total Checkouts | Full call number | Barcode | Date last seen | Cost, replacement price | Price effective from | Koha item type |
|---|---|---|---|---|---|---|---|---|---|---|---|---|---|---|---|---|---|
| CRC | Fr. Agnel's C.Rodrigues College of Engineering | Fr. Agnel's C.Rodrigues College of Engineering | 17/03/2023 | Book World | 243.75 | 291 dt 19/04/2011 | 808.3 ALP | 21521 | 17/03/2023 | 325.00 | BOOK |